000 00291nam a22001337a 4500
008 180221b xxu||||| |||| 00| 0 eng d
020 _a0077235291
041 _aeng
080 _a62
100 _a27
101 _aENG
245 _aENGR 11 112 TRACK A
_cMICHAEL.E.P
942 _2udc
_cBK
999 _c43080
_d43080